000 00299nam a2200121Ia 4500
005 20251222154325.0
008 251222s9999||||xx |||||||||||||| ||spa||
020 _a978-612-302-729-2
082 _aREF.530/H44
100 _a"Hernández Legua, Juan"
245 0 _aDiccionario de física
942 _cLIB
999 _c33923
_d33923